| 000 | 00557nam a2200169 i 4500 | ||
|---|---|---|---|
| 001 | 76804 | ||
| 003 | ES-MaACL | ||
| 005 | 20230906172951.0 | ||
| 007 | t| | ||
| 008 | 041005s1948 sp ||||1| spa d | ||
| 100 | 1 |
_aGull, Erhard. _960929 |
|
| 245 | 1 | 0 |
_aPerspectiva / _cErhard Gull ; versión española de la 3ª edición alemana ; [traducción de Juan Maluquer Wahl]. |
| 260 |
_aBarcelona : _bReverté, _c1948 ( _fClarasó) |
||
| 300 |
_a90 p., 9 lám. : _bil ; _c26 cm. |
||
| 700 | 1 |
_aMaluquer Wahl, Juan J. _975884 |
|
| 852 |
_aES-MaACL _jC-5241 _bR.25825 |
||
| 999 |
_c76804 _d76804 |
||